Success in family living. (Record no. 14536)

000 -LEADER
fixed length control field 00681nam a2200205 a 4500
001 - CONTROL NUMBER
control field :::00012368$&:&@@
003 - CONTROL NUMBER IDENTIFIER
control field OkBaRHE
005 - DATE AND TIME OF LATEST TRANSACTION
control field 20000607103418.0
008 - FIXED-LENGTH DATA ELEMENTS--GENERAL INFORMATION
fixed length control field s1965 j 000 0 eng u
040 ## - CATALOGING SOURCE
Transcribing agency
100 1# - MAIN ENTRY--PERSONAL NAME
Personal name Mudd, Emily Hartshorne.
245 10 - TITLE STATEMENT
Title Success in family living.
260 ## - PUBLICATION, DISTRIBUTION, ETC. (IMPRINT)
Place of publication, distribution, etc New York, NY., :
Name of publisher, distributor, etc Association Press
Date of publication, distribution, etc c1965
300 ## - PHYSICAL DESCRIPTION
Extent 254 p. ;
Dimensions 20 cm.
650 ## - SUBJECT ADDED ENTRY--TOPICAL TERM
Topical term or geographic name as entry element Family Life Education
700 ## - ADDED ENTRY--PERSONAL NAME
Personal name Mitchell, Howard Estill, 1921- , Joint author.
700 ## - ADDED ENTRY--PERSONAL NAME
Personal name Taubin, Sara B., Joint author.
942 ## - ADDED ENTRY ELEMENTS (KOHA)
Source of classification or shelving scheme
Koha item type Books
Copies
Current Location Source of classification or shelving scheme Lost status Date acquired Not for loan Withdrawn status Damaged status Barcode Koha item type Permanent Location Shelving location Full call number Date last seen Price effective from Copy number
RHEMA Bible Training College  2010-04-14   12368BooksRHEMA Bible Training CollegeGeneral StacksHQ 10 .M82010-04-142010-04-141